000 00305 a2200157 4500
001 175456
020 _a
040 _cMagnum
100 _aLago, Samuel Ramos
240 1 0 _aCiências 4
_lpor
245 1 0 _aCiências 4
300 _a272
362 0 _a2001
697 _aCIÊNCIAS PURAS
942 _cBK
999 _c175456
_d175456